Statistics for Beatles Songs Using Any Word in the Title in 5 Minutes

Click here to take the quiz!

General Stats

  • This quiz has been taken 616 times
  • The average score is 148 of 210

Answer Stats

YearAlbumSong% Correct
1969Abbey RoadI Want You
(She's So Heavy)
100%
1962Please Please MeP.S. I Love You
100%
1967Magical Mystery TourAll You Need Is Love
99%
1964A Hard Day's NightAnd I Love Her
99%
1963Please Please MeDo You Want
to Know a Secret
99%
1967Magical Mystery TourI Am the Walrus
99%
1964Beatles for SaleI Don't Want
to Spoil the Party
99%
1968Let It BeI Me Mine
99%
1965Help!I Need You
99%
1963Past MastersI Want to Hold Your Hand
99%
1966RevolverI Want to Tell You
99%
1962Please Please MeLove Me Do
99%
1963With the BeatlesYou Really Got a
Hold on Me
99%
1967Sgt. Pepper's Lonely Hearts Club BandA Day in the Life
98%
1964A Hard Day's NightCan't Buy Me Love
98%
1968The BeatlesEverybody's Got
Something to Hide Except
Me and My Monkey
98%
1963Past MastersFrom Me to You
98%
1963Please Please MeI Saw Her Standing There
98%
1963With the BeatlesI Wanna Be Your Man
98%
1966RevolverLove You To
98%
1965Help!Tell Me What You See
98%
1964A Hard Day's NightWhen I Get Home
98%
1968The BeatlesWhy Don't We Do It
in the Road?
98%
1967Sgt. Pepper's Lonely Hearts Club BandWith a Little Help from
My Friends
98%
1963Please Please MeA Taste of Honey
97%
1967Magical Mystery TourBaby, You're a Rich Man
97%
1969Past MastersDon't Let Me Down
97%
1967Sgt. Pepper's Lonely Hearts Club BandFixing a Hole
97%
1966RevolverGot To Get You Into My Life
97%
1968The BeatlesHappiness is a
Warm Gun
97%
1964Past MastersI Call Your Name
97%
1964Past MastersI Feel Fine
97%
1964A Hard Day's NightIf I Fell
97%
1965Rubber SoulIf I Needed Someone
97%
1964A Hard Day's NightI Should Have
Known Better
97%
1968The BeatlesI Will
97%
1963With the BeatlesMoney (That's
What I Want)
97%
1968The BeatlesOb-La-Di, Ob-La-Da
97%
1969Past MastersThe Ballad of John
and Yoko
97%
1970Past MastersYou Know my Name
(Look Up the Number)
97%
1965Help!You Like Me Too Much
97%
1969Abbey RoadYou Never Give Me
Your Money
97%
1965Rubber SoulYou Won't See Me
97%
1964A Hard Day's NightA Hard Day's Night
96%
1968The BeatlesBack in the U.S.S.R.
96%
1967Sgt. Pepper's Lonely Hearts Club BandBeing for the Benefit
of Mr. Kite!
96%
1969Let It BeDig a Pony
96%
1964Beatles for SaleEight Days a Week
96%
1964Beatles for SaleI'm a Loser
96%
1964A Hard Day's NightI'm Happy Just
to Dance with You
96%
1969Let It BeI've Got a Feeling
96%
1965Help!I've Just Seen a Face
96%
1963With the BeatlesNot a Second Time
96%
1969Yellow SubmarineOnly a Northern Song
96%
1969Abbey RoadShe Came in Through
the Bathroom Window
96%
1964Past MastersShe's a Woman
96%
1969Let It BeThe Long
and Winding Road
96%
1963Please Please MeThere's a Place
96%
1965Help!You've Got to Hide
Your Love Away
96%
1964Beatles for SaleEverybody's Trying
to Be My Baby
95%
1969Abbey RoadHere Comes the Sun
95%
1967Sgt. Pepper's Lonely Hearts Club BandLucy in the Sky
with Diamonds
95%
1963Past MastersShe Loves You
95%
1967Magical Mystery TourThe Fool on the Hill
95%
1964A Hard Day's NightYou Can't Do That
95%
1969Let It BeFor You Blue
94%
1964Beatles for SaleI'll Follow the Sun
94%
1969Let It BeLet It Be
94%
1963With the BeatlesTill There Was You
94%
1969Let It BeAcross the Universe
93%
1963With the BeatlesAll I've Got to Do
93%
1963Past MastersI'll Get You
93%
1962Please Please MePlease Please Me
93%
1963Past MastersThank You Girl
93%
1968The BeatlesThe Continuing Story
of Bungalow Bill
93%
1963Please Please MeAnna (Go to Him)
92%
1963Please Please MeBaby It's You
92%
1968The BeatlesDon't Pass Me By
92%
1965Rubber SoulI'm Looking Through You
92%
1963With the BeatlesIt Won't Be Long
92%
1969Abbey RoadThe End
92%
1965Help!The Night Before
92%
1965Rubber SoulThe Word
92%
1964Beatles for SaleWords of Love
92%
1962Please Please MeAsk Me Why
91%
1963With the BeatlesDon't Bother Me
91%
1965Help!It's Only Love
91%
1964A Hard Day's NightTell Me Why
91%
1968Past MastersThe Inner Light
91%
1967Sgt. Pepper's Lonely Hearts Club BandWithin You Without You
91%
1963With the BeatlesHold Me Tight
90%
1969Abbey RoadOh! Darling
90%
1966RevolverAnd Your Bird Can Sing
89%
1963With the BeatlesDevil in Her Heart
89%
1964A Hard Day's NightI'll Be Back
89%
1965Past MastersWe Can Work It Out
89%
1965Help!You're Going
to Lose That Girl
89%
1965Rubber SoulIn My Life
87%
1965Past MastersYes it Is
87%
1964Beatles for SaleBaby's in Black
84%
1968The BeatlesI'm So Tired
83%
1965Rubber SoulRun for Your Life
83%
1966RevolverFor No One
81%
1966RevolverHere, There and Everywhere
81%
1964Beatles for SaleRock and Roll Music
80%
1966RevolverShe Said She Said
80%
1963With the BeatlesAll My Loving
79%
1965Help!Ticket to Ride
79%
1969Abbey RoadHer Majesty
78%
1970Let It BeDig It
77%
1965Rubber SoulDrive My Car
77%
1963Please Please MeTwist and Shout
77%
1968The BeatlesRevolution 1
76%
1968The BeatlesMartha My Dear
75%
1966RevolverYellow Submarine
75%
1965Help!Help!
73%
1968The BeatlesWhile My Guitar
Gently Weeps
73%
1966RevolverGood Day Sunshine
70%
1967Sgt. Pepper's Lonely Hearts Club BandSgt. Pepper's Lonely
Hearts Club Band
70%
1963With the BeatlesPlease Mr. Postman
69%
1969Let It BeGet Back
68%
1969Yellow SubmarineIt's All Too Much
68%
1969Let It BeOne After 909
68%
1969Yellow SubmarineAll Together Now
67%
1965Rubber SoulNorwegian Wood
(This Bird Has Flown)
67%
1967Sgt. Pepper's Lonely Hearts Club BandWhen I'm Sixty-Four
67%
1967Magical Mystery TourYour Mother Should Know
67%
1969Let It BeTwo of Us
66%
1965Rubber SoulWhat Goes On
65%
1968Past MastersHey Jude
64%
1964A Hard Day's NightAny Time at All
63%
1969Yellow SubmarineHey Bulldog
62%
1964Beatles for SaleKansas City /
Hey, Hey, Hey, Hey
62%
1964Beatles for SaleNo Reply
62%
1965Rubber SoulThink for Yourself
60%
1967Abbey RoadCome Together
58%
1968The BeatlesGood Night
58%
1965Past MastersI'm Down
58%
1964A Hard Day's NightThings We Said Today
58%
1966RevolverI'm Only Sleeping
57%
1966RevolverEleanor Rigby
56%
1965Help!Another Girl
54%
1968The BeatlesRevolution 9
54%
1965Rubber SoulGirl
52%
1967Magical Mystery TourPenny Lane
52%
1969Abbey RoadSomething
51%
1967Magical Mystery TourStrawberry Fields Forever
51%
1963Past MastersThis Boy
51%
1967Magical Mystery TourBlue Jay Way
50%
1965Past MastersDay Tripper
50%
1969Abbey RoadSun King
50%
1969Magical Mystery TourMagical Mystery Tour
49%
1969Abbey RoadMean Mr. Mustard
48%
1968Past MastersRevolution
48%
1964Beatles for SaleHoney Don't
47%
1967Sgt. Pepper's Lonely Hearts Club BandGood Morning Good Morning
46%
1969Abbey RoadCarry That Weight
45%
1965Rubber SoulNowhere Man
45%
1969Abbey RoadOctopus's Garden
45%
1967Sgt. Pepper's Lonely Hearts Club BandShe's Leaving Home
45%
1964Beatles for SaleWhat You're Doing
44%
1964Beatles for SaleMr. Moonlight
43%
1964Beatles for SaleEvery Little Thing
42%
1965Rubber SoulMichelle
42%
1965Past MastersBad Boy
41%
1968The BeatlesCry Baby Cry
40%
1968The BeatlesDear Prudence
40%
1969Abbey RoadMaxwell's Silver
Hammer
40%
1966RevolverTaxman
40%
1967Sgt. Pepper's Lonely Hearts Club BandLovely Rita
39%
1965Help!Yesterday
39%
1966RevolverDoctor Robert
38%
1964Past MastersLong Tall Sally
38%
1964A Hard Day's NightI'll Cry Instead
37%
1968The BeatlesLong, Long, Long
37%
1967Magical Mystery TourHello, Goodbye
36%
1968The BeatlesJulia
36%
1968The BeatlesHelter Skelter
35%
1969Abbey RoadPolythene Pam
35%
1969Abbey RoadBecause
33%
1968The BeatlesBlackbird
33%
1968The BeatlesHoney Pie
33%
1968The BeatlesMother Nature's Son
33%
1968The BeatlesRocky Raccoon
33%
1968The BeatlesWild Honey Pie
33%
1966RevolverTomorrow Never Knows
32%
1969Abbey RoadGolden Slumbers
31%
1968The BeatlesGlass Onion
30%
1968The BeatlesBirthday
29%
1968The BeatlesSexy Sadie
29%
1967Sgt. Pepper's Lonely Hearts Club BandGetting Better
28%
1968Past MastersLady Madonna
27%
1968The BeatlesYer Blues
27%
1969Let It BeMaggie Mae
26%
1968The BeatlesPiggies
26%
1964With the BeatlesRoll Over Beethoven
26%
1963Please Please MeBoys
25%
1963Please Please MeChains
25%
1963With the BeatlesLittle Child
25%
1966Past MastersPaperback Writer
25%
1967Magical Mystery TourFlying
24%
1964Past MastersSlow Down
24%
1965Help!Dizzy Miss Lizzy
23%
1963Please Please MeMisery
22%
1966Past MastersRain
22%
1969Past MastersOld Brown Shoe
18%
1968The BeatlesSavoy Truffle
17%
1965Rubber SoulWait
17%
1964Past MastersMatchbox
16%
1965Help!Act Naturally
15%

Score Distribution

Percentile by Number Answered

Percent of People with Each Score

Your Score History

You have not taken this quiz